MARC details
| 000 -BAŞLIK |
| Sabit Uzunlukta Kontrol Alanı |
01131nam a22002897a 4500 |
| 999 ## - SİSTEM KONTROL NUMARALARI (KOHA) |
| Koha Biblionumber |
13231 |
| Koha Biblioitemnumber |
13231 |
| 003 - KONTROL NUMARASI IDENTIFIER |
| Denetim Alanı |
MIRAKIL |
| 005 - SON İŞLEM TARİHİ VE ZAMANI |
| Denetim Alanı |
20211214000614.0 |
| 008 - SABİT-BOY VERİ ELEMANLARI - GENEL BİLGİLER |
| Sabit Uzunlukta Kontrol Alanı |
190510b tu ||||| |||| 00| 0 tur d |
| 020 ## - ULUSLARARASI STANDART KİTAP NUMARASI |
| Uluslararası Standart Kitap Numarası |
975685765x |
| 040 ## - KATALOGLAMA KAYNAK |
| Orijinal Kataloglama Ajansı |
TR-AnCHP |
| Metne Dönüştürmek Ajansı |
TR-AnCHP |
| 041 ## - DİL KODU |
| Metin / Ses Parça Veya Ayrı Başlığın Dil Kodu |
tur |
| 082 ## - DEWEY ONLU SINIFLANDIRMA NUMARASI |
| Sınıflandırma Numarası |
956.102 |
| Ürün Numarası |
T34c 2004 |
| 100 ## - ANA GİRİŞ - KİŞİSEL İSİM |
| Kişisel Ad |
Tekeli, İlhan |
| 245 10 - BAŞLIK TABLOSU |
| Başlık |
Cumhuriyetin harcı : |
| Başlığın Kalan |
Köktenci modernitenin ekonomik politikasının gelişimi / |
| Sorumluluk Tablosu, Vb |
İlhan Tekeli, Selim İlkin. |
| 246 ## - UNVAN FORM VARYING |
| Başlık Doğru / Kısa Başlığı |
Köktenci modernitenin ekonomik politikasının gelişimi |
| 260 ## - YAYIN, DAĞITIM, VB |
| Yayın, Dağıtım, Vb Yeri |
İstanbul : |
| Yayıncı, Dağıtıcı, Vs Adı |
İstanbul Bilgi Üniversitesi yayınları , |
| Yayın, Dağıtım, Vb Tarihi |
2004. |
| 300 ## - FİZİKSEL TANIM |
| Kapsam |
c<2> xxvıı, 496 s.: |
| Diğer Fiziksel Ayrıntıları |
fotğ.; |
| Boyutlar |
23 sm. |
| 490 0# - SERİSİ TABLOSU |
| Seri Beyanı |
İstanbul Bilgi Üniversitesi yayınları ; |
| -- |
Siyaset Bilimi ; |
| Hacim / Ardışık Tanımı |
70. |
| -- |
12. |
| 504 ## - KAYNAKÇA VB NOT |
| Kaynakça Vb Notu |
Kaynakça ve dizin vardır. |
| 650 #0 - KONU KATMA GİRİŞ - TOPİKAL DÖNEM |
| 9 (RLIN) |
4 |
| Topikal Süreli Veya Coğrafi Ad Giriş Elemanı |
Türkiye |
| Genel Alt Bölümü |
Tarih |
| Kronolojik Alt Bölümü |
20 yy. |
| 650 #0 - KONU KATMA GİRİŞ - TOPİKAL DÖNEM |
| Topikal Süreli Veya Coğrafi Ad Giriş Elemanı |
Siyaset ve yönetim |
| Genel Alt Bölümü |
Türkiye |
| 9 (RLIN) |
9 |
| 650 #0 - KONU KATMA GİRİŞ - TOPİKAL DÖNEM |
| 9 (RLIN) |
4 |
| Topikal Süreli Veya Coğrafi Ad Giriş Elemanı |
Türkiye |
| Genel Alt Bölümü |
Modernlik, (ekonomik politika) |
| Kronolojik Alt Bölümü |
20 yy. |
| 650 #0 - KONU KATMA GİRİŞ - TOPİKAL DÖNEM |
| 9 (RLIN) |
5732 |
| Topikal Süreli Veya Coğrafi Ad Giriş Elemanı |
Tarım politikaları |
| Genel Alt Bölümü |
Türkiye |
| Kronolojik Alt Bölümü |
20 yy. |
| 700 ## - KATMA GİRİŞ - KİŞİSEL İSİM |
| 9 (RLIN) |
5731 |
| Kişisel Ad |
İlkin, Selim |
| 740 ## - KATMA GİRİŞ - KONTROLSUZ İLGİLİ / ANALİTİK BAŞLIK |
| Kontrol Edilmeyen / İlgili Analitik Başlıktaki |
Köktenci modernitenin ekonomik politikasının gelişimi |
| 942 ## - EKLENDİ GİRİŞ ELEMANLARI (KOHA) |
| Sınıflandırma Veya Raf Düzeni Kaynak |
Dewey Decimal Classification |
| Koha Öğesi Türü |
Books |